000 00558nam a2200229Ia 4500
003 0100
008 130303s9999 xx 000 0 und d
020 _a0415173043
040 _cARRUPELIB
050 _aREF. LB15.W54 1999
100 _aWinch, Christopher
245 _aKey concepts in the philosophy of education
260 _aLondon
260 _bRoutledge
260 _C1999
300 _a282p.
300 _b 20cm
440 _aKey Concepts Series
650 _bBible NT, Mark-Commentaries
700 _aGingell, John
942 _2lcc
_03
999 _c59146
_d59146